000 00749nam a2200277Ia 4500
003 OSt
005 20221006142608.0
006 a|||||r|||| 00| 0
007 ta
008 221006b |||||||| |||| 00| 0 eng d
020 _cP5.75
024 _a6,714
037 _cTextual
040 _aEASL
_cEASL
_beng
041 _2eng
_aeng
082 _aY,X,3M:XM2.N70, L9
100 _aWONG Siu-lun
_9447515
245 0 _aSociology and socialism in contemporary China
260 _aLondon
_bRoutledge & Kegan Paul
_c1979
300 _axii, 165p.
_ccm.
490 _v Oth
650 _a CEL
650 _aSociology-history-China
_9647976
942 _hY,X,3M:XM2.N70, L9
_cTEXL
_2CC
999 _c1074800
_d1074800